El Conde de Chinchón, Virrey de Perú / (Record no. 113180)

MARC details
000 -LEADER
campo de control de longitud fija 01101nam a2200229 i 4500
001 - NÚMERO DE CONTROL
campo de control 113180
003 - IDENTIFICADOR DE NÚMERO DE CONTROL
campo de control ES-MaACL
005 - FECHA Y HORA DE LA ÚLTIMA TRANSACCIÓN
campo de control 20230906185803.0
007 - CAMPO FIJO DE DESCRIPCIÓN FÍSICA--INFORMACIÓN GENERAL
campo de control de longitud fija t|
008 - DATOS DE LONGITUD FIJA--INFORMACIÓN GENERAL
campo de control de longitud fija 061121s1945 sp r ||||1| spa d
100 1# - ENTRADA PRINCIPAL--NOMBRE DE PERSONA
Nombre de persona Muzquiz de Miguel, José Luis.
9 (RLIN) 84743
245 13 - MENCIÓN DEL TÍTULO
Título El Conde de Chinchón, Virrey de Perú /
Mención de responsabilidad, etc. José Luis Muzquiz de Miguel.
260 ## - PUBLICACIÓN, DISTRIBUCIÓN, ETC.
Lugar de publicación, distribución, etc. Madrid :
Nombre del editor, distribuidor, etc. Consejo Superior de Investigaciones Científicas. Escuela de Estudios Hispano-Americanos,
Fecha de publicación, distribución, etc. 1945.
300 ## - DESCRIPCIÓN FÍSICA
Extensión 334 p., XVI lám. ;
Dimensiones 22 cm.
490 1# - MENCIÓN DE SERIE
Mención de serie Publicaciones de la Escuela de Estudios Hispano- Americanos de la Universidad de Sevilla ;
Designación de volumen o secuencia 18. Serie 2ª, Monografías ; n. 5
600 14 - PUNTO DE ACCESO ADICIONAL DE MATERIA--NOMBRE DE PERSONA
Nombre de persona Fernández de Cabrera, Luis Jerónimo
Títulos y otros términos asociados al nombre Conde de Chinchón.
9 (RLIN) 170132
651 #4 - PUNTO DE ACCESO ADICIONAL DE MATERIA--NOMBRE GEOGRÁFICO
Nombre geográfico Perú-
Subdivisión general Historia-
Subdivisión cronológica 1548-1820, Epoca colonial.
9 (RLIN) 9225
710 2# - ENTRADA AGREGADA--NOMBRE DE ENTIDAD CORPORATIVA
Nombre de entidad corporativa o nombre de jurisdicción como elemento de entrada Escuela de Estudios Hispano-Americanos (Sevilla)
9 (RLIN) 134366
830 0# - PUNTO DE ACCESO ADICIONAL DE SERIE-TÍTULO UNIFORME
Título uniforme Publicaciones de la Escuela de Estudios Hispano- Americanos de la Universidad de Sevilla ;
Designación de volumen o secuencia 18. Serie 2ª, Monografías ; n. 5
9 (RLIN) 186433
852 ## - LOCALIZACIÓN
Ubicación ES-MaACL
Número de control de estantería B-10762
Sublocalización o colección R.22136
Holdings
Estatus retirado Estado de pérdida Estado de daño No para préstamo Biblioteca de origen Biblioteca actual Ubicación en estantería Fecha de adquisición Fuente de adquisición Total de préstamos Signatura topográfica completa Código de barras Visto por última vez Precio de reemplazo Tipo de ítem Koha
        Biblioteca del Ateneo de Madrid Biblioteca del Ateneo de Madrid Sala Pardo Bazán 17/01/2008     B-10762 1118052 23/02/2023 23/02/2023 Libro impreso